Federalism, place, and the regulation of worker safety.

Skúma sa geografia právnej úpravy a riešenia sporov v oblasti bezpečnosti pracovníkov z hľadiska centrálne uplatňovanej štátnej moci a lokálneho rozhodovania v tejto oblasti. Legislatívne a kompetenčné aspekty a dvojkoľajnosť vedú k diskriminácii niektorých lokalít a skupín pracovníkov.

Salvato in:
Dettagli Bibliografici
Autore principale: Lomley, N.K
Natura: Capitolo di libro
Lingua:inglese
Soggetti:
Tags: Aggiungi Tag
Nessun Tag, puoi essere il primo ad aggiungerne!!

MARC

LEADER 00000naa a2200000 4500
001 r001672
005 20220909073650.7
041 0 |a eng 
044 |a US 
245 1 0 |a Federalism, place, and the regulation of worker safety.  |c N.K. Lomley 
520 |a Skúma sa geografia právnej úpravy a riešenia sporov v oblasti bezpečnosti pracovníkov z hľadiska centrálne uplatňovanej štátnej moci a lokálneho rozhodovania v tejto oblasti. Legislatívne a kompetenčné aspekty a dvojkoľajnosť vedú k diskriminácii niektorých lokalít a skupín pracovníkov. 
610 2 0 |a bezpečnosť práce 
610 2 0 |a federácia 
610 2 0 |a zákony 
610 2 0 |a právo 
610 2 0 |a geografia 
610 2 0 |a USA 
610 2 0 |a úrazy pracovné 
100 1 |a Lomley, N.K.